000 00798nam a2200241 a 4500
001 000030373
003 OSt
005 20210427114202.0
008 110511s1956 dr a 000 0 spa d
040 _aDO-SdBNP
_bspa
_cBNPHU
082 4 _a923.2
_bW449D
_222
100 1 _aDecatur, Truxton,
_d1755- 1822.
_957015
245 1 0 _aAcusamos a Welles = We Accuse... Sumner Welles /
_cTruxton Decatur.
246 _aWe Accuse Sumner Welles
260 _aSanto Domingo :
_bVanguardia Americana,
_c1956.
300 _a31 p. :
_bil. ;
_c23 cm.
590 _aInventariado, 2019/VM
600 1 4 _aWelles, Sumner
_d1892-1961
_965981
650 4 _aDiplomáticos
_zRepública Dominicana
_vBiografías
_97032
740 0 _aWe Accuse Sumner Welles
910 _aValidado. Control de calidad MFF
942 _2ddc
_cLBS1
999 _c29865
_d29865